淡路交通鉄道線の駅(1966年時点) - Statistics

General Stats
  • This quiz has been taken 3 times
  • The average score is 1 of 17
Answer Stats
Answer % Correct
洲本
100%
福良
33%
寺町
0%
宇山
0%
下加茂
0%
先山
0%
淡路二本松
0%
0%
淡路広田
0%
淡路長田
0%
掃守
0%
自凝志摩
0%
一本松
0%
市村
0%
神代
0%
賀集
0%
御陵東
0%
No matching quizzes found
Score Distribution
Percent of People with Each Score
Percentile by Number Answered
Your Score History
You have not taken this quiz